Partes del auto - ¡Muerte súbita! - Estadísticas

Estadísticas generales
  • Esta prueba ha sido intentada 548 veces
    547 desde el último reinicio
  • La puntuación promedio es 7 de 19
Answers on the Grid
Answers color-coded by a green-red scale on the quiz's grid according to % correct below.
Alternador
Árbol de levas
Batería
Bujía
Cámara Bessemer
Carburador
Chasis
Cigüeñal
Condensador de flujo
Convertidor catalítico
Correa de distribución
Correa de fluido
Correa serpentina
Diferencial
Eje de aire
Filtro de aceite
Guardabarros
Guardadedos
Huso
Junta de culata
Junta deslizante
Llave de afinación
Moteado
Parabrisas
Pastilla de freno
Pistón
Radiador
Silenciador
Tambor de grasa
Timón
Transmisión
Trilladora
Tubo de recarga
 
Estadísticas de respuestas
Respuesta % Correcto
Bujía
84%
Batería
83%
Chasis
74%
Carburador
73%
Alternador
63%
Filtro de aceite
35%
Pastilla de freno
32%
Árbol de levas
31%
Transmisión
25%
Parabrisas
24%
Guardabarros
23%
Pistón
23%
Correa de distribución
17%
Radiador
16%
Silenciador
15%
Diferencial
13%
Convertidor catalítico
10%
Junta de culata
8%
Correa serpentina
4%
No se encontraron pruebas coincidentes
Distribución de puntuación
Porcentaje de gente con cada puntuación
Porcentaje por número respondido
Historial de tus puntuaciones
No has intentado esta prueba desde el último reinicio